[Event "CP-2018-P-00028"]
[Site "LSS email"]
[Date "2018.09.27"]
[Round "?"]
[White "Schoepe, Heinz Joachim"]
[Black "Palla, Vit"]
[Result "1-0"]
[WhiteElo "2274"]
[BlackElo "1139"]
[PlyCount "39"]
[EventDate "2018.10.01"]
[EventType "tourn (corr)"]
[EventRounds "6"]
[EventCountry "GER"]
[SourceTitle "Corr 2022"]
[Source "ChessBase"]
[SourceDate "2021.10.24"]
[SourceVersion "1"]
[SourceVersionDate "2021.10.24"]
[SourceQuality "1"]

1. e4 e6 2. d4 d5 3. e5 c5 4. c3 Nc6 5. Nf3 Bd7 6. Be2 Qc7 7. 0-0 cxd4 8. cxd4 Nge7 9. Nc3 a6 10. Bd3 Nb4 11. Bb1 Ng6 12. h4 Be7 13. h5 Nh4 14. Nxh4 Bxh4 15. Qg4 g5 16. f4 Bb5 17. Nxb5 axb5 18. fxg5 Bxg5 19. Qxg5 Kd7 20. Rxf7+ 1-0